000 00526nam a2200145 i 4500
001 183861
003 ES-MaACL
005 20230906222004.0
008 141030s1897 gt |||| | spa d
111 2 _aCongreso Jurídico Centro-Americano (
_n1º.
_d1897.
_cGuatemala)
_9155813
245 1 0 _aCongreso Jurídico Centro-Americano 1897.
260 _aGuatemala :
_b[s.n.],
_c1897 (
_fTip. Nacional)
300 _a232 p. :
_bil. ;
_c26 cm.
852 _aES-MaACL
_jT-817-F-2
_z.- Enc. en un vol. facticio conservando la enc. original
999 _c183861
_d183861